Progress in theoretical and computational fluid mechanics : winter school, Paseky, 1993 /

Bibliographic Details
Corporate Author: Winter School in Fluid Dynamics
Other Authors: Galdi, Giovanni P. (Giovanni Paolo), 1947-, Málek, Josef, Nečas, Jindřich
Format: Conference Proceeding Book
Language:English
Published: Harlow, Essex, England : New York : Longman Scientific & Technical ; Wiley, 1994.
Series:Pitman research notes in mathematics series. 308.
Subjects:

MARC

Tag First Indicator Second Indicator Subfields
LEADER 00000cam a2200000 a 4500
001 in00001217921
005 20151002092526.0
008 940518s1994 nyua b 100 0 eng
010 |a  94025801  
035 |a (OCoLC)30544841 
035 |9 AGQ4088AM 
040 |a DLC  |c DLC  |d TXA  |d UtOrBLW 
049 |a TXAM 
050 0 0 |a QA901  |b .P774 1994 
082 0 0 |a 532  |2 20 
245 0 0 |a Progress in theoretical and computational fluid mechanics :  |b winter school, Paseky, 1993 /  |c G.P. Galdi, J. Málek, and J. Nečas, editors. 
264 1 |a Harlow, Essex, England :  |b Longman Scientific & Technical ;  |a New York :  |b Wiley,  |c 1994. 
300 |a 172 pages :  |b illustrations ;  |c 25 cm. 
336 |a text  |b txt  |2 rdacontent 
337 |a unmediated  |b n  |2 rdamedia 
338 |a volume  |b nc  |2 rdacarrier 
490 1 |a Pitman research notes in mathematics series,  |x 0269-3674 ;  |v 308 
500 |a "Based on a series of lectures delivered by the authors at the third Winter School in Fluid Dynamics, held in Paseky, Czech Republic, in December 12-December 18, 1993"--Foreword. 
504 |a Includes bibliographical references. 
650 0 |a Fluid mechanics  |v Congresses. 
700 1 |a Galdi, Giovanni P.  |q (Giovanni Paolo),  |d 1947- 
700 1 |a Málek, Josef. 
700 1 |a Nečas, Jindřich. 
711 2 |a Winter School in Fluid Dynamics  |n (3rd :  |d 1993 :  |c Paseky, Czech Republic) 
830 0 |a Pitman research notes in mathematics series.  |x 0269-3674 ;  |v 308. 
999 |a MARS 
999 f f |s b14710a0-c8b2-3d49-8d43-dcf035579915  |i 2246c8c4-e9f1-389c-8a9c-528763db052d  |t 0 
952 f f |p normal  |a Texas A&M University  |b College Station  |c Sterling C. Evans Library  |d Evans: Library Stacks  |t 0  |e QA901 .P774 1994  |h Library of Congress classification  |i unmediated -- volume  |m A14818886467 
998 f f |a QA901 .P774 1994  |t 0  |l Evans: Library Stacks